000 00684nam a2200205 i 4500
001 69132
003 ES-MaACL
005 20250920063045.0
007 t|
008 040914s1907 fr ||||1| fre d
100 0 _aLeblanc, Maurice,
_d1864-1941
_971022
245 1 0 _aArsène Lupin, gentleman-cambrioleur /
_cpar Maurice Leblanc ; préface de Jules Claretie.
260 _aParis :
_bPierre Lafitte,
_c[1907]
300 _a307 p. ;
_c19 cm.
490 1 _aAventures extraordinaires d'Arsène Lupin
700 1 _aClaretie, Jules,
_d1840-1913
_9160289
830 0 _aAventures extraordinaires d'Arsène Lupin
_9183259
852 _aES-MaACL
_jD-3503
999 _c69132
_d69132